000 00507nam a22001817a 4500
003 CEME
005 20210628205715.0
008 210316b xxu||||| |||| 00| 0 eng d
020 _a969-0-01282-7
040 _c.
082 _a297 ASA
100 _aAsadi, Muhammad.A
_976743
245 _aThe message of quran and islam a scientif analysis of holy quran
260 _aLAHORE
_bFEROZE SOONS
_c1996
300 _a96P
650 _aQURAN AND ISLAM HOLY QURAN-SCIENTIFIC ANALYSIS
_976744
942 _cBK
_2ddc
999 _c582083
_d582083